| 000 | 00894nam a2200253Ia 4500 | ||
|---|---|---|---|
| 003 | OSt | ||
| 005 | 20221005113434.0 | ||
| 006 | a|||||r|||| 00| 0 | ||
| 007 | ta | ||
| 008 | 221004b |||||||| |||| 00| 0 pan d | ||
| 020 |
_a9788178838748 (hbk) _c125 |
||
| 024 | _a2083 | ||
| 037 |
_b175, 18/12/2012, Orange Books International _cTextual |
||
| 040 |
_aCRL _cCRL _bpan |
||
| 041 |
_2pan _apan |
||
| 082 | _aO153,2NSHx, Q2 | ||
| 100 |
_aਚੰਦਰ Fੇਖਰ _9624309 |
||
| 245 | 0 | _aਮਿੱਟੀ ਦੀ ਕਹਾਣੀ ਤੇ ਹੋਰ ਨਾਟਕ | |
| 260 |
_aਲੁਧਿਆਣਾ _bਚੇਤਨਾ ਪ੍ਰਕਾFਨ ਭਾਰਤ _c2012 |
||
| 300 |
_a80ਪੰ _ccm. |
||
| 650 | _aਪੰਜਾਬੀ ਸਾਹਿਤ | ||
| 942 |
_hO153,2NSHx, Q2 _cTEXL _2cc |
||
| 999 |
_c1028179 _d1028179 |
||